000 00674nam a2200253Ia 4500
003 OSt
005 20221005092024.0
006 a|||||r|||| 00| 0
007 ta
008 221004b |||||||| |||| 00| 0 eng d
024 _a18691
037 _cTextual
040 _aCRL
_cCRL
_beng
041 _2eng
_aeng
082 _aka, M1
100 _aKister Kenneth F
_97605
245 0 _aEncyclopedia buying guide
_b A consumer guide to general encyclopedias in print
250 _a3rd
260 _aNew York
_bR R Bowker
_c1981
300 _a530p.
_ccm.
650 _aGENERALIA
942 _hka, M1
_cTEXL
_2cc
999 _c998184
_d998184